ਉੱਤਰੀ ਭਾਰਤ ਦੀਆਂ ਪ੍ਰਮੁੱਖ ਨਿਰਗੁਨ ਸੰਪ੍ਰਦਾਵਾਂ / (Record no. 110531)

MARC details
000 -LEADER
fixed length control field 01113nam a22002537a 4500
005 - DATE AND TIME OF LATEST TRANSACTION
control field 20170123164153.0
010 ## - LIBRARY OF CONGRESS CONTROL NUMBER
LC control number B-124178
020 ## - INTERNATIONAL STANDARD BOOK NUMBER
Terms of availability 250.00
International Standard Book Number 8176471763
035 ## - SYSTEM CONTROL NUMBER
System control number B-124178
037 ## - SOURCE OF ACQUISITION
Source of stock number/acquisition Cen Lib/Ret
040 ## - CATALOGING SOURCE
Original cataloging agency DPL
Language of cataloging PN
082 ## - DEWEY DECIMAL CLASSIFICATION NUMBER
Classification number 851.08
Item number ਗਰੇਵਾ
100 ## - MAIN ENTRY--PERSONAL NAME
Personal name ਗਰੇਵਾਲ, ਸਵਰਨਜੀਤ ਕੌਰ
9 (RLIN) 117834
245 ## - TITLE STATEMENT
Title ਉੱਤਰੀ ਭਾਰਤ ਦੀਆਂ ਪ੍ਰਮੁੱਖ ਨਿਰਗੁਨ ਸੰਪ੍ਰਦਾਵਾਂ /
Statement of responsibility, etc ਸਵਰਨਜੀਤ ਕੌਰ ਗਰੇਵਾਲ
246 ## - VARYING FORM OF TITLE
Title proper/short title Utari bharat diyan parmukh nirgun sampradavan /
Remainder of title by Sawanjit Kaur Grewal
260 ## - PUBLICATION, DISTRIBUTION, ETC. (IMPRINT)
Place of publication, distribution, etc ਲੁਧਿਆਣਾ
Name of publisher, distributor, etc ਲਾਹੌਰ ਬੁੱਕ ਸ਼ਾਪ
Date of publication, distribution, etc 2005
270 ## - ADDRESS
Address 2, ਲਾਜਪਤ ਰਾਏ ਮਾਰਕਿਟ,
City ਲੁਧਿਆਣਾ
300 ## - PHYSICAL DESCRIPTION
Extent 288p.
Dimensions 22cm(Hb)
650 ## - SUBJECT ADDED ENTRY--TOPICAL TERM
Topical term or geographic name as entry element ਸਾਹਿਤ--ਪੰਜਾਬੀ
9 (RLIN) 130053
650 ## - SUBJECT ADDED ENTRY--TOPICAL TERM
Topical term or geographic name as entry element ਪੰਜਾਬੀ -- ਕਵਿਤਾਵਾਂ
9 (RLIN) 130054
650 ## - SUBJECT ADDED ENTRY--TOPICAL TERM
Topical term or geographic name as entry element Literature--Punjabi
9 (RLIN) 130055
650 ## - SUBJECT ADDED ENTRY--TOPICAL TERM
Topical term or geographic name as entry element Punjabi -- Poetry
9 (RLIN) 130056
942 ## - ADDED ENTRY ELEMENTS (KOHA)
Source of classification or shelving scheme Dewey Decimal Classification
Koha item type Punjabi Bks
Classification part 851.08
Call number suffix ਗਰੇਵਾ
Holdings
Withdrawn status Lost status Damaged status Not for loan Home library Current library Date acquired Source of acquisition Cost, normal purchase price Total Checkouts Full call number Barcode Date last seen Copy number Cost, replacement price Price effective from Koha item type Source of classification or shelving scheme
        Central Library Central Library 04/02/2016 Cen Lib/Ret 250.00   851.08 ਗਰੇਵਾ B-124178 04/02/2016 1 250.00 04/02/2016 Punjabi Bks  
        Patel Nagar Patel Nagar 06/03/2019   250.00   851.08 ਗਰੇਵਾ B-124179 06/03/2019   250.00 06/03/2019 Punjabi Bks Dewey Decimal Classification

© Delhi Public Library
Hit Counter
free hit counter